La salud y el viajero: un manual de orientación y compañía

Salvato in:
Dettagli Bibliografici
Autore principale: Acuña L., Guillermo (Autore)
Natura: Libro
Lingua:spagnolo
Pubblicazione: Santiago Mediterráneo 2002
Edizione:1a. ed
Serie:Libros para el Paciente, Masson-Salvat Medicina
Soggetti:
Tags: Aggiungi Tag
Nessun Tag, puoi essere il primo ad aggiungerne!!

MARC

LEADER 00000nam a2200000 a 4500
001 UCJ9756
003 CL-VaPUC
008 070405e20020000CL |||||||||||||||||spa|d
020 |a 9562202097 
082 0 4 |a 613.68  |b ACU  |2 21 
100 0 |a Acuña L., Guillermo  |e author  |9 519832 
245 1 3 |a La salud y el viajero: un manual de orientación y compañía 
250 |a 1a. ed 
300 |a 154 p 
942 |c BK 
945 |d 20070405 00:00:00  |a lvergara 
260 |a Santiago  |b Mediterráneo  |c 2002 
650 0 |a Manuales  |9 257144 
650 7 |a PREVENCION Y CONTROL  |2 CL-VaPUC  |9 259652 
650 0 |a Viajes  |9 257115 
650 0 |a Aspectos sanitarios   |9 519834 
650 0 |a Geografía médica  |9 508259 
650 7 |a ENFERMEDAD  |2 CL-VaPUC  |9 374111 
650 7 |a SALUD E HIGIENE  |2 CL-VaPUC  |9 307452 
583 |a last modification  |c 20070405 00:00:00  |k Rodrigo Vera 
490 0 |a Libros para el Paciente, Masson-Salvat Medicina 
999 |c 325165  |d 325163